Sexualidad y adolescencia: texto alumno
Salvato in:
| Autore principale: | |
|---|---|
| Natura: | Libro |
| Lingua: | spagnolo |
| Pubblicazione: |
Santiago
Universidad Católica de Chile
1994
|
| Edizione: | 1a. ed |
| Serie: | Aprendizaje
|
| Soggetti: | |
| Tags: |
Aggiungi Tag
Nessun Tag, puoi essere il primo ad aggiungerne!!
|
MARC
| LEADER | 00000nam a2200000 a 4500 | ||
|---|---|---|---|
| 001 | UCX8935 | ||
| 003 | CL-VaPUC | ||
| 008 | 940506e19940000CL |||||||||||||||||spa|d | ||
| 020 | |a 9561403137 | ||
| 082 | 0 | 4 | |a 612.6 |b SIL |2 21 |
| 100 | 0 | |a Silva Raveau, Mónica |e author |9 326180 | |
| 245 | 1 | 0 | |a Sexualidad y adolescencia: texto alumno |
| 250 | |a 1a. ed | ||
| 300 | |a 113 p | ||
| 942 | |c BK | ||
| 945 | |d 19940506 00:00:00 |a rbrito | ||
| 260 | |a Santiago |b Universidad Católica de Chile |c 1994 | ||
| 650 | 0 | |a Educación sexual |9 308005 | |
| 583 | |a last modification |c 19940506 00:00:00 |k Rodrigo Vera | ||
| 490 | 0 | |a Aprendizaje | |
| 999 | |c 228299 |d 228297 | ||
| 952 | |0 0 |1 0 |4 0 |6 612_600000000000000_SIL_1994 |7 0 |8 P |9 228213 |a BIBEDU |b BIBEDU |c BIBEDU_PB |d 2019-11-15 |i 3081265 |o 612.6 SIL 1994 |p 3081265 |r 2024-01-25 |w 2019-11-15 |y BK |k EPE | ||
| 952 | |0 0 |1 0 |4 0 |6 612_600000000000000_SIL_1994 |7 0 |8 P |9 228214 |a BIBEDU |b BIBEDU |c BIBEDU_PB |d 2019-11-15 |i 3081273 |o 612.6 SIL 1994 |p 3081273 |r 2024-01-25 |w 2019-11-15 |y BK |k EPE | ||
| 952 | |0 0 |1 0 |4 0 |6 612_600000000000000_SIL_1994 |7 0 |8 P |9 228215 |a BIBEDU |b BIBEDU |c BIBEDU_PB |d 2019-11-15 |i 3081281 |o 612.6 SIL 1994 |p 3081281 |r 2024-01-25 |w 2019-11-15 |y BK |k PSI | ||
| 952 | |0 0 |1 0 |4 0 |6 612_600000000000000_SIL_1994 |7 0 |8 A |9 228216 |a BIBTEO |b BIBTEO |d 2019-11-15 |i 3419932 |o 612.6 SIL 1994 |p 3419932 |r 2025-01-17 |w 2019-11-15 |y BK |k ICR | ||
| 952 | |0 0 |1 0 |4 0 |6 612_600000000000000_SIL_1994 |7 0 |8 A |9 228217 |a BIBTEO |b BIBTEO |d 2019-11-15 |i 3419940 |o 612.6 SIL 1994 |p 3419940 |r 2025-01-17 |w 2019-11-15 |y BK |k ICR | ||